|
|
|
|
| LEADER |
01825nam a2200421 i 4500 |
| 001 |
EBC4810484 |
| 003 |
MiAaPQ |
| 005 |
20200923020339.0 |
| 006 |
m o d | |
| 007 |
cr cnu|||||||| |
| 008 |
170306t20172017enka ob 000 0 eng d |
| 020 |
|
|
|z 9781787142909
|
| 020 |
|
|
|a 9781787142916 (e-book)
|
| 035 |
|
|
|a (MiAaPQ)EBC4810484
|
| 035 |
|
|
|a (Au-PeEL)EBL4810484
|
| 035 |
|
|
|a (CaPaEBR)ebr11350269
|
| 035 |
|
|
|a (OCoLC)973325257
|
| 040 |
|
|
|a MiAaPQ
|b eng
|e rda
|e pn
|c MiAaPQ
|d MiAaPQ
|
| 050 |
|
4 |
|a HG4026
|b .L443 2017
|
| 082 |
0 |
|
|a 380.1
|2 23
|
| 245 |
0 |
0 |
|a Legal issues and litigation in modern corporate finance /
|c guest editors Matteo Arena and Stephen Ferris.
|
| 264 |
|
1 |
|a [Bradford, England] :
|b Emerald Publishing Limited,
|c 2017.
|
| 264 |
|
4 |
|c 2017
|
| 300 |
|
|
|a 1 online resource (152 pages) :
|b illustrations.
|
| 336 |
|
|
|a text
|2 rdacontent
|
| 337 |
|
|
|a computer
|2 rdamedia
|
| 338 |
|
|
|a online resource
|2 rdacarrier
|
| 490 |
0 |
|
|a Managerial Finance,
|x 0307-4358 ;
|v Volume 43 Number 1
|
| 504 |
|
|
|a Includes bibliographical references.
|
| 588 |
|
|
|a Description based on online resource; title from PDF cover (ebrary, viewed March 6, 2017).
|
| 590 |
|
|
|a Electronic reproduction. Ann Arbor, MI : ProQuest, 2016. Available via World Wide Web. Access may be limited to ProQuest affiliated libraries.
|
| 650 |
|
0 |
|a Corporations
|x Finance.
|
| 655 |
|
4 |
|a Electronic books.
|
| 700 |
1 |
|
|a Arena, Matteo,
|e editor.
|
| 700 |
1 |
|
|a Ferris, Stephen,
|e editor.
|
| 776 |
0 |
8 |
|i Print version:
|t Legal issues and litigation in modern corporate finance.
|d [Bradford, England] : [Emerald Publishing Limited], c2017
|h 151 pages
|k Managerial Finance ; Volume 43 Number 1
|z 9781787142909
|
| 797 |
2 |
|
|a ProQuest (Firm)
|
| 856 |
4 |
0 |
|u https://ebookcentral.proquest.com/lib/matrademy/detail.action?docID=4810484
|z Click to View
|